2018 Milwaukee Brewers Position Players - Statistics

General Stats
  • This quiz has been taken 184 times
  • The average score is 11 of 25
Answer Stats
Position & Number Answer % Correct
OF #22 Christian Yelich
91%
OF #6 Lorenzo Cain
84%
OF #8 Ryan Braun
83%
C #9 Manny Piña
71%
SS #3 Orlando Arcia
71%
3B #21 Travis Shaw
70%
1B #7 Eric Thames
65%
1B #24 Jesus Aguilar
64%
3B #18 Mike Moustakas
58%
C #15 Erik Kratz
50%
OF #16 Domingo Santana
44%
OF #23 Keon Broxton
44%
UT #14 Hernan Perez
41%
C #26 Jacob Nottingham
36%
Other 2B #5 Jonathan Schoop
35%
2B #5 Jonathan Villar
32%
C #47 Jett Bandy
29%
SS #18 Eric Sogard
24%
OF #28 Curtis Granderson
22%
SS #13 Tyler Saladino
21%
OF #33 Brett Phillips
18%
UT #2 Nate Orf
15%
1B #25 Ji-Man Choi
12%
2B #10 Brad Miller
9%
Other UT #2 Nick Franklin
9%
No matching quizzes found
Score Distribution
Percent of People with Each Score
Percentile by Number Answered
Your Score History
You have not taken this quiz